Electrometría

Guardat en:
Dades bibliogràfiques
Autor principal: Karcz, Andrés M (Autor)
Format: Llibre
Idioma:espanyol
Publicat: Buenos Aires EUDEBA 1968
Col·lecció:Manuales de EUDEBA. Ingeniería
Matèries:
Etiquetes: Afegir etiqueta
Sense etiquetes, Sigues el primer a etiquetar aquest registre!

MARC

LEADER 00000nam a2200000 a 4500
001 UCU5195
003 CL-VaPUC
008 960531e19680000AG |||||||||||||||||spa|d
082 0 4 |a 621.37  |b KAR  |2 21 
100 |a Karcz, Andrés M  |e author  |9 363078 
245 1 0 |a Electrometría 
300 |a v 
942 |c BK 
945 |d 19960531 00:00:00  |a lriquelm 
260 |a Buenos Aires  |b EUDEBA  |c 1968 
650 0 |a Electricidad  |9 260222 
650 7 |a INSTRUMENTOS DE MEDIDAS ELECTRICAS  |2 CL-VaPUC  |9 356874 
650 7 |a TECNOLOGIA ELECTRICA  |2 CL-VaPUC  |9 336952 
650 7 |a RESISTENCIAS ELECTRICAS  |2 CL-VaPUC  |9 263527 
650 0 |a Electromagnetismo   |9 260123 
650 7 |a MAGNETOMETROS  |2 CL-VaPUC  |9 356875 
583 |a last modification  |c 20150713 14:25:27  |k Rodrigo Vera 
490 0 |a Manuales de EUDEBA. Ingeniería 
999 |c 248640  |d 248638 
952 |0 0  |1 0  |4 0  |6 621_370000000000000_KAR_1968  |7 0  |8 P  |9 265415  |a BIBING  |b BIBING  |d 2019-11-19  |h v.1  |i 1669125  |o 621.37 KAR 1968  |p 1669125  |r 2025-01-20  |w 2019-11-19  |y BK  |k EIE